Príjmová chudoba, materiálna deprivácia a konzistentná chudoba slovenských domácností diplomová práca

Saved in:
Bibliographic Details
Main Author: Straňáková, Veronika
Corporate Author: Fakulta hospodárskej informatiky EU. Katedra štatistiky
Other Authors: Šoltés, Erik, 1974-
Format: Book
Language:Slovak
Published: Bratislava 2018
Tags: Add Tag
No Tags, Be the first to tag this record!

MARC

LEADER 00000nbm a2200000 4500
001 0243553
005 20181010105658.3
041 0 |a slo 
044 |a SK 
245 1 0 |a Príjmová chudoba, materiálna deprivácia a konzistentná chudoba slovenských domácností  |b diplomová práca  |c Veronika Straňáková ; školiteľ: Erik Šoltés 
264 1 |a Bratislava  |c 2018 
300 |a 64 s. 
100 1 |a Straňáková, Veronika 
700 1 |a Šoltés, Erik, 1974- 
710 2 |a Fakulta hospodárskej informatiky EU. Katedra štatistiky